Loading...
| Fine Arts - Classical Music | 4 | 17.50 | 100% | 50% | 25% |
| Fine Arts - Other Fine Arts | 5 | 14.00 | 80% | 60% | 0% |
| Fine Arts - Painting & Sculpture | 4 | 15.00 | 75% | 75% | 0% |
| History - American History | 3 | 3.33 | 33% | 0% | 0% |
| History - European History | 2 | 25.00 | 100% | 100% | 50% |
| History - Other History | 4 | 20.00 | 75% | 75% | 50% |
| History - World History | 5 | 18.00 | 100% | 60% | 20% |
| Literature - American Literature | 4 | 10.00 | 100% | 0% | 0% |
| Literature - British Literature | 7 | 12.86 | 86% | 43% | 0% |
| Literature - European Literature | 8 | 12.50 | 100% | 13% | 13% |
| Literature - World Literature | 6 | 13.33 | 83% | 33% | 17% |
| Mythology | 4 | 22.50 | 100% | 100% | 25% |
| Other | 6 | 13.33 | 100% | 33% | 0% |
| Philosophy | 4 | 12.50 | 100% | 25% | 0% |
| Religion | 5 | 16.00 | 100% | 40% | 20% |
| Science - Biology | 4 | 12.50 | 75% | 50% | 0% |
| Science - Chemistry | 5 | 14.00 | 80% | 60% | 0% |
| Science - Other Science | 3 | 16.67 | 100% | 33% | 33% |
| Science - Physics | 6 | 13.33 | 100% | 0% | 33% |
| Social Science | 4 | 17.50 | 100% | 50% | 25% |